[Event "CHN Team Women 2025"]
[Site "Zhangjiakou CHN"]
[Date "2025.04.26"]
[Round "2.6"]
[White "Zhou, Shumeng"]
[Black "Ha, Yihan"]
[Result "*"]
[WhiteElo "1954"]
[BlackElo "2154"]
[EventDate "2025.04.22"]

1. e4 e5 2. Nf3 Nc6 3. Bc4 Bc5 4. c3 Nf6 5. d3 d6 6. O-O a5 7. Re1 Ba7 8.
Nbd2 O-O 9. h3 Be6 10. Bb5 Ne7 11. d4 Ng6 12. Nf1 c6 13. Ba4 exd4 14. Nxd4
Bd7 15. Ng3 Re8 *

[Event "CHN Team Women 2025"]
[Site "Zhangjiakou CHN"]
[Date "2025.04.26"]
[Round "2.10"]
[White "Wang, Chuqiao"]
[Black "Xiao, Yiyi"]
[Result "*"]
[WhiteElo "2227"]
[BlackElo "2353"]
[EventDate "2025.04.22"]

1. d4 Nf6 2. c4 g6 3. Nc3 Bg7 4. h4 c5 5. d5 d6 6. e4 h5 7. f3 O-O 8. Be3
e6 9. Qd2 exd5 10. exd5 a6 11. Be2 Re8 12. Nh3 *

[Event "CHN Team Women 2025"]
[Site "Zhangjiakou CHN"]
[Date "2025.04.26"]
[Round "2.12"]
[White "Zhang, Lanlin"]
[Black "Guo, Hanxi"]
[Result "*"]
[WhiteElo "2194"]
[BlackElo "2003"]
[EventDate "2025.04.22"]

1. e4 c5 2. Nf3 Nc6 3. d4 cxd4 4. Nxd4 Nf6 5. Nc3 e5 6. Ndb5 d6 7. Bg5 a6
8. Na3 b5 9. Nd5 Be7 10. Bxf6 Bxf6 11. c3 Bg5 12. Nc2 O-O 13. a4 bxa4 14.
Rxa4 a5 15. Bc4 Be6 16. h4 Bh6 17. Nce3 Bxe3 18. Nxe3 Qd7 19. O-O Ne7 20.
Ra1 Rfd8 *

[Event "CHN Team Women 2025"]
[Site "Zhangjiakou CHN"]
[Date "2025.04.26"]
[Round "2.13"]
[White "Wang, Yu A."]
[Black "Liu, Manli"]
[Result "*"]
[WhiteElo "2197"]
[BlackElo "2048"]
[EventDate "2025.04.22"]

1. e4 e6 2. d4 d5 3. Nc3 dxe4 4. Nxe4 Nd7 5. Nf3 Ngf6 6. Nxf6+ Nxf6 7. g3
c5 8. Bg2 cxd4 9. Qxd4 Qxd4 10. Nxd4 a6 11. Bf4 Be7 12. O-O Nd7 13. Rfe1 g5
*

[Event "CHN Team Women 2025"]
[Site "Zhangjiakou CHN"]
[Date "2025.04.26"]
[Round "2.14"]
[White "Cai, Youyang"]
[Black "Xue, Shixuan"]
[Result "*"]
[WhiteElo "2010"]
[BlackElo "1873"]
[EventDate "2025.04.22"]

1. e4 c6 2. d4 d5 3. Nc3 dxe4 4. Nxe4 Bf5 5. Ng3 Bg6 6. h4 h6 7. Nf3 Nd7 8.
h5 Bh7 9. Bd3 Bxd3 10. Qxd3 e6 11. Bd2 Ngf6 12. O-O-O Be7 13. Kb1 Qb6 14.
c4 O-O 15. Bf4 Rad8 16. Qc2 Rfe8 17. Ne5 Nf8 18. c5 Qa6 19. Nc4 Rd5 *

[Event "CHN Team Women 2025"]
[Site "Zhangjiakou CHN"]
[Date "2025.04.26"]
[Round "2.16"]
[White "Long, Siyu"]
[Black "Xia, Miaoyan"]
[Result "*"]
[WhiteElo "1937"]
[BlackElo "1675"]
[EventDate "2025.04.22"]

1. e4 e5 2. Nf3 Nc6 3. Bc4 Nf6 4. d3 Be7 5. Bb3 O-O 6. O-O d6 7. c3 Na5 8.
Bc2 c5 9. d4 cxd4 10. cxd4 Nc6 11. d5 Nb4 12. Bb3 Bg4 13. a3 Na6 14. Re1
Nc5 15. Bc2 Rc8 16. Nc3 *

[Event "CHN Team Women 2025"]
[Site "Zhangjiakou CHN"]
[Date "2025.04.26"]
[Round "2.17"]
[White "Liu, Xinyu"]
[Black "Peng, Shiyang"]
[Result "*"]
[WhiteElo "1596"]
[BlackElo "1688"]
[EventDate "2025.04.22"]

1. d4 Nf6 2. c4 e6 3. Nc3 Bb4 4. a3 Bxc3+ 5. bxc3 d5 6. c5 b6 7. cxb6 axb6
8. e3 O-O 9. Nf3 Nbd7 10. Bb5 Bb7 11. O-O Ne4 12. Qc2 Ndf6 13. Ne5 c5 14.
Bb2 Qc7 15. Rfc1 Rfc8 16. Qe2 c4 17. a4 Ra5 18. Ba3 Nd6 19. Bb4 Ra7 20. Qb2
*

[Event "CHN Team Women 2025"]
[Site "Zhangjiakou CHN"]
[Date "2025.04.26"]
[Round "2.18"]
[White "He, Xiyao"]
[Black "Ge, Qiyan"]
[Result "*"]
[WhiteElo "1608"]
[BlackElo "1450"]
[EventDate "2025.04.22"]

1. e4 c5 2. Nf3 d6 3. d4 cxd4 4. Nxd4 Nf6 5. Nc3 a6 6. Be2 e5 7. Nb3 Be7 8.
a4 Be6 9. Be3 b6 10. O-O Nbd7 11. f4 exf4 12. Bxf4 Ne5 13. Nd4 Bd7 14. Nf5
Bxf5 15. exf5 O-O 16. Nd5 Nxd5 17. Qxd5 Qc7 *

[Event "CHN Team Women 2025"]
[Site "Zhangjiakou CHN"]
[Date "2025.04.26"]
[Round "2.19"]
[White "Peng, Jingyi(Gd)"]
[Black "Jiang, Tianyu"]
[Result "*"]
[WhiteElo "1753"]
[BlackElo "2102"]
[EventDate "2025.04.22"]

1. d4 Nf6 2. c4 e6 3. Nc3 Bb4 4. e3 b6 5. Nf3 O-O 6. Bd3 Bb7 7. O-O Bxc3 8.
bxc3 Be4 9. Ba3 d6 10. Ng5 Bxd3 11. Qxd3 *

[Event "CHN Team Women 2025"]
[Site "Zhangjiakou CHN"]
[Date "2025.04.26"]
[Round "2.20"]
[White "Shi, Yige"]
[Black "Lin, Yingge"]
[Result "*"]
[WhiteElo "1764"]
[BlackElo "1589"]
[EventDate "2025.04.22"]

1. d4 d5 2. c4 e6 3. Nc3 c5 4. cxd5 exd5 5. e3 Nf6 6. Nf3 Nc6 7. Bd3 Be7 8.
dxc5 Bxc5 9. O-O O-O 10. a3 Bg4 11. Be2 Be6 12. Qc2 Bb6 13. Rd1 Qc7 14. b4
Rfd8 15. Bb2 Rac8 16. Ng5 Qe7 17. Bd3 *

[Event "CHN Team Women 2025"]
[Site "Zhangjiakou CHN"]
[Date "2025.04.26"]
[Round "2.21"]
[White "Yi, Ruiyu"]
[Black "Shi, Shuhua"]
[Result "*"]
[WhiteElo "1563"]
[BlackElo "1635"]
[EventDate "2025.04.22"]

1. d4 d5 2. c4 e6 3. Nc3 Nf6 4. cxd5 exd5 5. Bg5 Be7 6. e3 c6 7. Bd3 h6 8.
Bh4 Nbd7 9. Qc2 O-O 10. Nge2 Re8 11. O-O Ne4 12. Bxe7 Qxe7 13. Bxe4 dxe4
14. Rfd1 Nb6 15. Ng3 f5 16. d5 cxd5 17. Nxd5 Nxd5 18. Rxd5 Qf7 *